| 000 | 00476nam a2200181Ia 4500 | ||
|---|---|---|---|
| 005 | 20250326123917.0 | ||
| 008 | 250326s9999 xx 000 0 und d | ||
| 037 | _aTextbook | ||
| 040 |
_aFMSL _beng _cFMSL |
||
| 041 |
_aeng _2eng |
||
| 084 |
_aSM9 K6 _qFMSL |
||
| 100 |
_aCox D _9736366 |
||
| 245 | 0 |
_aAnalytical psychology _cCox D |
|
| 260 |
_aLondon _bLondon, English University _c1966 |
||
| 300 | _a181p | ||
| 942 |
_cTB _hSM9 K6 |
||
| 999 |
_c1271434 _d1271434 |
||